Nhà tư bản tài chính; T2 = The financier
Guardat en:
| Autor principal: | |
|---|---|
| Format: | Llibre |
| Idioma: | Undetermined |
| Publicat: |
Hà Nội
Thanh niên
2004
|
| Matèries: | |
| Etiquetes: |
Afegir etiqueta
Sense etiquetes, Sigues el primer a etiquetar aquest registre!
|
| Thư viện lưu trữ: | Trung tâm Học liệu Trường Đại học Cần Thơ |
|---|
| LEADER | 00627nam a2200229Ia 4500 | ||
|---|---|---|---|
| 001 | CTU_63383 | ||
| 008 | 210402s9999 xx 000 0 und d | ||
| 020 | |b 37000 | ||
| 082 | |a 813.52 | ||
| 082 | |b D771/T.2 | ||
| 100 | |a Dreiser, Theodore | ||
| 245 | 0 | |a Nhà tư bản tài chính; T2 = | |
| 245 | 4 | |b The financier | |
| 245 | 0 | |c Theodore Dreiser; Nguyễn Cảnh Lâm biên dịch | |
| 260 | |a Hà Nội | ||
| 260 | |b Thanh niên | ||
| 260 | |c 2004 | ||
| 650 | |a American fiction | ||
| 650 | |y 20th century | ||
| 904 | |a Minh | ||
| 904 | |i Năm | ||
| 980 | |a Trung tâm Học liệu Trường Đại học Cần Thơ | ||